Loading...
| Philosophy | 0 | 3 | 0 | 2 | 30 | 104 | 132.67 | 1 | 3 | 0.00 | 0.00 |
| Current Events | 2 | 0 | 0 | 0 | 30 | 29 | 36.50 | 2 | 2 | 0.00 | 0.00 |
| Science - Other | 1 | 2 | 1 | 0 | 30 | 57 | 94.00 | 1 | 3 | 0.00 | 0.00 |
| Social Science | 0 | 3 | 1 | 0 | 25 | 103 | 119.00 | 0 | 3 | 0.00 | 0.00 |
| Geography | 0 | 2 | 0 | 1 | 20 | 114 | 127.00 | 1 | 2 | 0.00 | 0.00 |
| Religion | 1 | 0 | 0 | 0 | 15 | 63 | 63.00 | 1 | 1 | 0.00 | 0.00 |
| Literature - World | 0 | 1 | 0 | 0 | 10 | 128 | 128.00 | 0 | 1 | 0.00 | 0.00 |
| Fine Arts - Other | 0 | 1 | 0 | 0 | 10 | 145 | 145.00 | 0 | 1 | 0.00 | 0.00 |
| Literature - American | 0 | 1 | 0 | 0 | 10 | 167 | 167.00 | 0 | 1 | 0.00 | 0.00 |
| Science - Biology | 0 | 1 | 1 | 0 | 5 | 128 | 128.00 | 0 | 1 | 0.00 | 0.00 |
| History - Ancient/Other | 0 | 0 | 0 | 0 | 0 | 0.00 | 0 | 0 | 0.00 | 0.00 | |
| Fine Arts - Visual | 0 | 0 | 0 | 0 | 0 | 0.00 | 0 | 0 | 0.00 | 0.00 | |
| History - American | 0 | 1 | 2 | 0 | 0 | 95 | 95.00 | 0 | 1 | 0.00 | 0.00 |
| History - World | 0 | 0 | 1 | 0 | -5 | 0.00 | 0 | 0 | 0.00 | 0.00 | |
| Other Academic | 0 | 0 | 1 | 0 | -5 | 0.00 | 0 | 0 | 0.00 | 0.00 | |
| Science - Chemistry | 0 | 0 | 1 | 0 | -5 | 0.00 | 0 | 0 | 0.00 | 0.00 |